The Building Profile survey on marketing RICS members` services in the UK: a survey of the marketing activities of UK surveying practices. Published December 1997. (Record no. 96867)

MARC details
000 -LEADER
fixed length control field 00992cam a2200253 4500
001 - CONTROL NUMBER
control field J88770
008 - FIXED-LENGTH DATA ELEMENTS--GENERAL INFORMATION
fixed length control field 090401t1997 xxu||||| |||| 00| 0 eng d
035 ## - SYSTEM CONTROL NUMBER
System control number (Sirsi) u83159
041 ## - LANGUAGE CODE
Language code of text/sound track or separate title eng
050 ## - LIBRARY OF CONGRESS CALL NUMBER
Classification number 658.8096925
110 ## - MAIN ENTRY--CORPORATE NAME
Corporate name or jurisdiction name as entry element Building Profile Research
9 (RLIN) 3576
245 #4 - TITLE STATEMENT
Title The Building Profile survey on marketing RICS members` services in the UK: a survey of the marketing activities of UK surveying practices. Published December 1997.
260 ## - PUBLICATION, DISTRIBUTION, ETC.
Place of publication, distribution, etc. Cheltenham
Name of publisher, distributor, etc. Building Profile Research
Date of publication, distribution, etc. 1997
300 ## - PHYSICAL DESCRIPTION
Extent 67p. ; 30cm.
350 ## - PRICE (NR) (BK AM CF MU VM SE) [OBSOLETE]
Price 98
520 ## - SUMMARY, ETC.
Summary, etc. Aimed at quantity surveyors and based on a questionnaire sent out to a sample of RICS members, the report also includes a marketing guide with lists of photographers, PR consultants and presentation training companies.
650 ## - SUBJECT ADDED ENTRY--TOPICAL TERM
Topical term or geographic name entry element MARKETING
650 ## - SUBJECT ADDED ENTRY--TOPICAL TERM
Topical term or geographic name entry element QUANTITY SURVEYING FIRMS
650 ## - SUBJECT ADDED ENTRY--TOPICAL TERM
Topical term or geographic name entry element QUANTITY SURVEYORS
650 ## - SUBJECT ADDED ENTRY--TOPICAL TERM
Topical term or geographic name entry element RICS FIRMS
690 ## - LOCAL SUBJECT ADDED ENTRY--TOPICAL TERM (OCLC, RLIN)
Topical term or geographic name as entry element Quantity surveying
9 (RLIN) 6263
942 ## - ADDED ENTRY ELEMENTS (KOHA)
Suppress in OPAC 0
948 ## - LOCAL PROCESSING INFORMATION (OCLC); SERIES PART DESIGNATOR (RLIN)
c (OCLC) 19/01/1998
Holdings
Withdrawn status Lost status Source of classification or shelving scheme Damaged status Not for loan Home library Current library Shelving location Date acquired Cost, normal purchase price Total Checkouts Full call number Barcode Date last seen Date last checked out Copy number Cost, replacement price Price effective from Koha item type
    Dewey Decimal Classification     London London Basement 28/01/1998 98.00 9 BASEMENT 30054983 06/08/2019 01/03/2002 1 98.00 06/08/2019 Book